[Event "BIH CFFBH-chT1"]
[Site "Neum"]
[Date "2007.08.29"]
[Round "7"]
[White "Mrsevic, Miroslav"]
[Black "Bajric, Sakib"]
[Result "1-0"]
[WhiteElo "2286"]
[BlackElo "2269"]
[PlyCount "73"]
[EventDate "2007.08.25"]
[EventType "team-tourn"]
[EventRounds "9"]
[EventCountry "BIH"]
[SourceTitle "EXT 2023"]
[Source "ChessBase"]
[SourceDate "2022.10.05"]
[SourceVersion "1"]
[SourceVersionDate "2022.10.05"]
[SourceQuality "1"]

1. g3 g6 2. Bg2 Bg7 3. d3 d5 4. f4 c5 5. Nf3 Nc6 6. 0-0 e6 7. Qe1 Nge7 8. e4 0-0 9. Qf2 b6 10. Re1 Bb7 11. Nbd2 Nd4 12. Nf1 Qc7 13. Nh4 f5 14. exf5 exf5 15. c3 Ndc6 16. Nf3 d4 17. Ng5 Qd7 18. Qc2 Nd5 19. c4 Nf6 20. Bd2 Rfe8 21. Qa4 Bf8 22. a3 h6 23. Nf3 Ne5 24. Qxd7 Nexd7 25. h3 Bd6 26. Kf2 Kg7 27. N1h2 Nh5 28. Nxd4 Bxg2 29. Nb5 Bxf4 30. gxf4 Bc6 31. Nd6 Rxe1 32. Rxe1 Rd8 33. Re6 Nf8 34. Nxf5+ gxf5 35. Rxc6 Rxd3 36. Nf3 Ng6 37. Rxg6+ 1-0

[Event "DDS League and op 12th"]
[Site "Tuzla"]
[Date "2006.09.15"]
[Round "1"]
[White "Fontan, Tihomir"]
[Black "Bajric, Sakib"]
[Result "1/2-1/2"]
[WhiteElo "2057"]
[BlackElo "2349"]
[PlyCount "102"]
[EventDate "2006.09.15"]
[EventType "team"]
[EventRounds "9"]
[EventCountry "BIH"]
[SourceTitle "CBM 114 Extra"]
[Source "ChessBase"]
[SourceDate "2006.11.03"]
[SourceVersion "1"]
[SourceVersionDate "2006.11.03"]
[SourceQuality "1"]

1. d4 Nf6 2. g3 g6 3. Bg2 d5 4. Nf3 Bg7 5. 0-0 0-0 6. c4 dxc4 7. Ne5 Nfd7 8. Nxc4 Nb6 9. Nxb6 axb6 10. e3 c5 11. d5 b5 12. Nc3 Qb6 13. Qe2 Bd7 14. Rd1 b4 15. Ne4 Bb5 16. Qc2 Ba4 17. b3 Bxa1 18. bxa4 Nd7 19. d6 e6 20. Nd2 Bc3 21. Ne4 Bg7 22. Bf1 Ra5 23. Bb5 Rxb5 24. axb5 Qxb5 25. Bb2 Rc8 26. Bxg7 Kxg7 27. Qb2+ f6 28. Rb1 Qd3 29. f3 Qxe3+ 30. Kg2 Ne5 31. Rf1 Qd4 32. Qb3 Qd5 33. Qa4 Rd8 34. Rd1 Qc4 35. Rd2 b6 36. Qa7+ Rd7 37. Qxb6 Qc1 38. Qxc5 Qe1 39. Qd4 Kf7 40. g4 f5 41. Nc5 Nc4 42. Rd3 Qe2+ 43. Kg3 Qe1+ 44. Kh3 Qf1+ 45. Kg3 Qe1+ 46. Kg2 Qe2+ 47. Kg3 Qe1+ 48. Kg2 Qe2+ 49. Kg3 Qe1+ 50. Kh3 Qf1+ 51. Kg3 Qe1+ 1/2-1/2